书目信息 |
| 题名: |
数字摄影测量4D生产综合实习教程
|
|
| 作者: | 段延松 主编 | |
| 分册: | ||
| 出版信息: | 武汉 武汉大学出版社 2014.08 |
|
| 页数: | 183页 | |
| 开本: | 20cm | |
| 丛书名: | ||
| 单 册: | ||
| 中图分类: | P231.5 | |
| 科图分类: | ||
| 主题词: | 摄影测量法 | |
| 电子资源: | ||
| ISBN: | 7-307-13507-8 | |
| 000 | 00635nam0 2200193 450 | |
| 001 | 2256362720 | |
| 005 | 20221010154058.63 | |
| 010 | @a7-307-13507-8@dCNY25.00 | |
| 100 | @a20221010d2014 km y0chiy0120 ea | |
| 101 | 0 | @achi |
| 102 | @aCN@b420000 | |
| 200 | 1 | @a数字摄影测量4D生产综合实习教程@AShu Zi She Ying Ce Liang 4D Sheng Chan Zong He Shi Xi Jiao Cheng@f段延松主编@FDuan Yan Song Zhu Bian |
| 210 | @a武汉@c武汉大学出版社@d2014.08 | |
| 215 | @a183页@d20cm | |
| 606 | 0 | @a摄影测量法 |
| 690 | @aP231.5@v4 | |
| 701 | 0 | @a段延松@ADuan Yan Song@4主编 |
| 801 | 0 | @aCN@b大连网信软件有限公司图书馆·11@c20221010 |
| 905 | @aZUCC@dP231.5@eZY83 | |
| 数字摄影测量4D生产综合实习教程/段延松主编.-武汉:武汉大学出版社,2014.08 |
| 183页;20cm |
| ISBN 7-307-13507-8:CNY25.00 |
| ● |
| 相关链接 |
|
|
|
|
正题名:数字摄影测量4D生产综合实习教程
索取号:P231.5/ZY83
 
预约/预借
| 序号 | 登录号 | 条形码 | 馆藏地/架位号 | 状态 | 备注 |
| 1 | 7905094 | 279050946 | 密集书库-资源管理系/ [索取号:P231.5/ZY83] | 在馆 |